Pays avec le plus d'ambassades ouvertes dans le monde - Statistiques

Statistiques générales
  • Ce quiz a été pris 33 fois
  • Le résultat moyen est 6 sur 7
Statistiques - réponses
Hint Réponse % Correct
168 Etats-Unis
100%
163 France
97%
170 Chine
94%
138 Japon
88%
145 Russie
88%
130 Allemagne
81%
140 Turquie
41%
Aucun quiz correspondant
Distribution des résultats
% des personnes avec chaque résultat
Percentile par nombre de réponses
Votre historique - résultats
Vous n’avez pas pris ce quiz